UK Counties General Knowledge: Kent - Statistics

General Stats
  • This quiz has been taken 139 times
  • The average score is 11 of 20
Answer Stats
Clue Answer % Correct
Town and major ferry port that faces France across the English Channel. Dover
100%
Kent is known as 'The ______ of England'. Garden
93%
The County Town and most populous town in Kent. Maidstone
79%
Sheerness is a town on which Isle at the northern tip of the county? Isle of Sheppey
73%
In 1909 this Kent spa town received a 'Royal' Status. Royal Tunbridge Wells
72%
Which football club is the county's highest ranked professional team? Gillingham FC
67%
A seaside town on the north Kent coast, famous for its Native Oysters. Whitstable
65%
A motor racing circuit that's hosted 12 runnings of the Formula 1 British Grand Prix between 1964 and 1986. Brands Hatch
64%
Which World War II battle took place in the sky mainly over the county? Battle of Britain
63%
The second larget river in southern England, after the Thames. River Medway
61%
There will be blue birds flying over these, according to Dame Vera Lynn. White Cliffs of Dover
60%
A series of medieval misadventures written by Geoffrey Chaucer, that sees Pilgrims competing to tell the best story on their way to the shrine of St Thomas Beckett. The Canterbury Tales
58%
Consisting of two bored tunnels and a cable stayed bridge, this estuarial crossing of the Thames in to Kent is the busiest in the UK. Dartford Crossing
53%
This headland is home to a nuclear power station and is one of the largest expanses of shingle in Europe. Dungeness
49%
The Channel Tunnel, a rail link between England and France opened in this year. 1994
48%
A town in north Kent, where Charles Dickens lived as a boy. Chatham
44%
Britain's most successful Winter Olympian, Lizzie Yarnold was born in this town, whose name is derived from the Old English word "Seouenaca". Sevenoaks
28%
Born in Kent, this person introduced the Printing Press to England in 1476. William Caxton
25%
This castle hosted peace talks between Isreal and Eygpt in 1978. Leeds Castle
23%
Situated on the North Downs, this is the highest point in Kent. Betsom's Hill
3%
No matching quizzes found
Score Distribution
Percent of People with Each Score
Percentile by Number Answered
Your Score History
You have not taken this quiz